000 00969 a2200277 4500
999 _c10897
_d10897
020 _a9781609139988
050 _aQP514.2
_bLIP 2008
100 _aHarvey, Rchard A
_eeditor
245 _aLippincott's illustrated reviews:
_bbiochemistry/
250 _a5th ed.
264 _aNew York:
_bWolters Kluwer
_c2008
300 _a520p.:
_bill.(col.)
336 _2text
_brdacontent
_atxt
337 _2unmediated
_brdamedia
_an
338 _2volume
_brdacarrier
_anc
440 _aInternational edition
500 _aIncludes bibliographical references and index
504 _aIncludes bibliographical references and index
650 _aBiochemistry
_xOutlines, syllabus
650 _aBiochemistry
_xExaminations, questions
650 _aClinical biochemistry
_xOutlines, syllabus
650 _aClinical biochemistry
_xExaminations, questions
700 _aHarvey, Richard
_eeditor
700 _aferrier, Denise R.
_eeditor
942 _2lcc
_cBK
_e5th ed.
_h514.2
_iLIP
_kQP